|
|
|
|
| LEADER |
00000cem a2200000 4500 |
| 001 |
vtls011915137 |
| 003 |
SK-MaSNL |
| 005 |
20260301144950.0 |
| 007 |
aj canzn |
| 008 |
210512s2019 xo ag a 00 slo |
| 015 |
|
|
|a SNBC2021
|
| 020 |
|
|
|a 9788099934055
|q (zložené)
|
| 034 |
1 |
|
|a a
|b 50000
|
| 040 |
|
|
|a SNK
|b slo
|c SNK
|e rda
|
| 041 |
0 |
|
|a slo
|
| 043 |
|
|
|a e-xo---
|
| 044 |
|
|
|a xo
|c SK
|
| 072 |
|
7 |
|a 913(437)
|x Geografia Česka a Slovenska, reálie, cestovanie
|2 konspekt
|
| 072 |
|
7 |
|a 912
|x Mapy. Atlasy
|2 konspekt
|
| 080 |
|
|
|a (084.3)796.5
|2 2011
|
| 080 |
|
|
|a 796.51
|2 2011
|
| 080 |
|
|
|a 796.61
|2 2011
|
| 080 |
|
|
|a 913(437.6)
|2 2011
|
| 080 |
|
|
|a (234.372.4)
|2 2011
|
| 080 |
|
|
|a (084.3)796.61
|2 2011
|
| 110 |
2 |
|
|a VKÚ Harmanec (Kynceľová, Slovensko)
|4 aut
|4 pbl
|9 319868
|
| 245 |
1 |
0 |
|a Považský Inovec, Piešťany
|h kartografický dokument
|b turistická a cyklistická mapa 1:50 000
|c vydala a spracovala VKÚ Harmanec, s.r.o., Kynceľová ; fotografie: Bohuš Schwarzbacher, Matej Schwarzbacher, Karol Brzula, CBS Flying Team ; fotografia na obálke: Jaroslav Streicher
|
| 246 |
1 |
|
|i Názov v tiráži:
|a Považský Inovec - Piešťany
|
| 246 |
3 |
0 |
|a Piešťany
|
| 250 |
|
|
|a 5. vydanie
|
| 255 |
|
|
|a Mierka 1:50 000
|
| 264 |
|
1 |
|a Kynceľová
|b VKÚ Harmanec, s.r.o.
|c 2019
|
| 300 |
|
|
|a 1 mapa
|b farebná
|c 76 x 77 cm, zložené na 20 x 13 cm
|
| 336 |
|
|
|a kartografický obraz
|b cri
|2 rdacontent
|
| 337 |
|
|
|a bez média
|b n
|2 rdamedia
|
| 338 |
|
|
|a list
|b nb
|2 rdacarrier
|
| 366 |
|
|
|e 3700 kusov
|
| 490 |
1 |
|
|a Edícia turistických máp 1:50 000
|v 130
|
| 500 |
|
|
|a Obsahuje vysvetlivky ; na rube stručný turisticko-vlastivedný popis ; turisticky zaujímavé mestá a obce v regióne ; ubytovanie ; služby turistom ; vybrané turistické trasy ; turistické značené trasy ; turistické značenie v teréne ; zásady bezpečného pohybu na horách ; informácie pre cykloturistov ; piktogramy ; farebné fotografie
|
| 650 |
0 |
7 |
|a pešia turistika
|2 SNKPH
|9 1059
|
| 650 |
0 |
7 |
|a cykloturistika
|2 SNKPH
|9 3264
|
| 651 |
|
7 |
|a Považský Inovec (Slovensko : pohorie)
|2 SNKPH
|9 69649
|
| 651 |
|
7 |
|a Piešťany (Slovensko)
|2 SNKPH
|9 23981
|
| 655 |
|
7 |
|a turistické mapy
|2 SNKPH
|9 70551
|
| 655 |
|
7 |
|a cykloturistické mapy
|2 SNKPH
|9 70791
|
| 700 |
1 |
|
|a Schwarzbacher, Bohuš,
|d 1965-
|4 pht
|9 187068
|
| 700 |
1 |
|
|a Brzula, Karol
|4 pht
|9 323741
|
| 700 |
1 |
|
|a Schwarzbacher, Matej,
|d 1991-
|4 pht
|9 187523
|
| 700 |
1 |
|
|a Streicher, Jaroslav
|4 pht
|9 476173
|
| 710 |
2 |
|
|a Vydavateľstvo CBS.
|b Flying Team
|4 pht
|9 195315
|
| 830 |
|
0 |
|a Edícia turistických máp 1:50 000
|9 315784
|
| 852 |
|
|
|a Štátna vedecká knižnica v Banskej Bystrici
|
| 919 |
|
|
|a 978-80-99934-05-5
|
| 999 |
|
|
|c 778713
|d 780643
|
| 952 |
|
|
|a SNK
|b SNK
|y PREZ
|7 0
|p 17A1449334
|o snkSLCm 3517
|i snk2021/456
|8 0
|0 0
|1 0
|4 0
|d 2021-02-04
|l 0
|r 2026-02-24 00:57:11
|w 2026-02-24
|
| 952 |
|
|
|a SNK
|b SNK
|y VYP
|7 0
|p 17A1449335
|o snkSLCm 3517 D1
|i snk2021/457
|8 0
|0 0
|1 0
|4 0
|d 2021-02-04
|l 0
|r 2026-02-24 00:57:11
|w 2026-02-24
|